Властелины атомов
| Hlavní autor: | |
|---|---|
| Shrnutí: | Мы живем в век химии. Она, словно воздух, пронизывает все поры нашей жизни. Каучук, стекло, горючее для моторов и тысячи других веществ, окружающих нас в повседневной жизни, - все это продукты химической промышленности. Ни самолет, ни корабль, ни автомобиль не появятся на свет и не сдвинутся с места, если специалисты, знающие химию, не выплавят металл и не приготовят для них горючее. Ни одна постройка немыслима без основных строительных материалов: кирпичей, цемента, стекла, в создание которых внесли свою лепту химики. Ни один человек не может обходиться без пищи, одежды, обуви и предметов быта, в производстве которых участвуют химики. Эта книга и посвящена химии синтетических материалов и тесно связанной с ней физической химии, то есть наукам, значение которых трудно переоценить, ибо они помогают нашим ученым решать проблемы, имеющие первостепенное значение для сегодняшней жизни советского народа и для его будущего |
| Jazyk: | ruština |
| Vydáno: |
Москва, Молодая гвардия, 1959
|
| Témata: | |
| Médium: | MixedMaterials Kniha |
| KOHA link: | https://koha.lib.tpu.ru/cgi-bin/koha/opac-detail.pl?biblionumber=318493 |
MARC
| LEADER | 00000nam0a2200000 4500 | ||
|---|---|---|---|
| 001 | 318493 | ||
| 005 | 20231102003101.0 | ||
| 035 | |a (RuTPU)RU\TPU\book\343991 | ||
| 035 | |a RU\TPU\book\72287 | ||
| 090 | |a 318493 | ||
| 100 | |a 20160427d1959 km y0rusy50 ca | ||
| 101 | 0 | |a rus | |
| 102 | |a RU | ||
| 105 | |a a z 000zy | ||
| 200 | 1 | |a Властелины атомов |f А. Ф. Буянов | |
| 210 | |a Москва |c Молодая гвардия |d 1959 | ||
| 215 | |a 240 с. |c ил. | ||
| 330 | |a Мы живем в век химии. Она, словно воздух, пронизывает все поры нашей жизни. Каучук, стекло, горючее для моторов и тысячи других веществ, окружающих нас в повседневной жизни, - все это продукты химической промышленности. Ни самолет, ни корабль, ни автомобиль не появятся на свет и не сдвинутся с места, если специалисты, знающие химию, не выплавят металл и не приготовят для них горючее. Ни одна постройка немыслима без основных строительных материалов: кирпичей, цемента, стекла, в создание которых внесли свою лепту химики. Ни один человек не может обходиться без пищи, одежды, обуви и предметов быта, в производстве которых участвуют химики. Эта книга и посвящена химии синтетических материалов и тесно связанной с ней физической химии, то есть наукам, значение которых трудно переоценить, ибо они помогают нашим ученым решать проблемы, имеющие первостепенное значение для сегодняшней жизни советского народа и для его будущего | ||
| 606 | 1 | |a Синтетические материалы |2 stltpush |3 (RuTPU)RU\TPU\subj\30820 |9 53856 | |
| 610 | 1 | |a атомы | |
| 610 | 1 | |a строительные материалы | |
| 610 | 1 | |a каучук | |
| 610 | 1 | |a стекло | |
| 610 | 1 | |a топливо | |
| 610 | 1 | |a кирпичи | |
| 610 | 1 | |a цемент | |
| 610 | 1 | |a синтетические материалы | |
| 610 | 1 | |a физическая химия | |
| 675 | |a 678.02 |v 4 | ||
| 700 | 1 | |a Буянов |b А. Ф. |g Александр Федорович | |
| 801 | 1 | |a RU |b 63413507 |c 20040927 |g PSBO | |
| 801 | 2 | |a RU |b 63413507 |c 20220824 |g PSBO | |
| 942 | |c BK | ||